Cuentos /

Bibliographic Details
Main Author: Wang, Meng, 1934- (Author)
Corporate Author: JSTOR (Organization)
Other Authors: Botton Beja, Flora (Editor), Ruochuan, Duan (Translator)
Format: eBook
Language:Spanish
Published: México, D.F. : El Colegio de México, 2002.
Edition:Segunda edición aumentada.
Subjects:
Online Access:Connect to the full text of this electronic book

MARC

Tag First Indicator Second Indicator Subfields
LEADER 00000cam a2200000 i 4500
001 in00004635586
006 m o d
007 cr cnu---unuuu
008 180926s2002 mx o 000 j spa d
005 20230103223510.2
035 |a (OCoLC)on1054246329 
040 |a JSTOR  |b eng  |e rda  |e pn  |c JSTOR  |d ICN  |d LOA  |d U3W  |d SOI  |d ERL  |d TXR  |d GWC  |d OCLCQ  |d OCLCO  |d OCLCQ 
020 |a 9786076285718 
020 |a 6076285710 
020 |z 9789681210588 
035 |a (OCoLC)1054246329 
037 |a 22573/ctv3d8mzq  |b JSTOR 
041 1 |a spa  |h chi 
050 4 |a PL2919.M39 
082 0 4 |a 895.13  |2 23 
049 |a TXAM 
100 1 |a Wang, Meng,  |d 1934-  |e author. 
240 1 0 |a Short stories.  |k Selections.  |l Spanish 
245 1 0 |a Cuentos /  |c Wang Meng ; prefacio, prólogo y selección: Flora Botton Beja ; traducciones de Duan Ruochuan [and 5 others]. 
250 |a Segunda edición aumentada. 
264 1 |a México, D.F. :  |b El Colegio de México,  |c 2002. 
300 |a 1 online resource 
336 |a text  |b txt  |2 rdacontent 
337 |a computer  |b c  |2 rdamedia 
338 |a online resource  |b cr  |2 rdacarrier 
347 |a data file 
380 |a Short story 
505 0 0 |t Los ojos de la noche --  |t El pequeño corazón del peluquero --  |t La cola de la cometa --  |t Voces de primavera --  |t Un sinfín de visitantes --  |t La mariposa --  |t El lago profundo --  |t Un joven recién llegado al departamento de organización. 
588 0 |a PDF (JSTOR, viewed September 26, 2018). 
650 0 |a Chinese literature  |v Translations into Spanish. 
650 7 |a Chinese literature.  |2 fast  |0 (OCoLC)fst00857595 
655 7 |a Electronic books.  |2 local 
655 7 |a Translations.  |2 fast  |0 (OCoLC)fst01423791 
700 1 |a Botton Beja, Flora,  |e editor. 
700 1 |a Ruochuan, Duan,  |e translator. 
710 2 |a JSTOR (Organization) 
856 4 0 |u https://www.jstor.org/stable/10.2307/j.ctv3f8pj6  |z Connect to the full text of this electronic book  |t 0 
955 |a JSTOR Open Access ebooks 
994 |a 92  |b TXA 
999 f f |s 05457ffe-37fb-4f23-a7ad-79982c598b41  |i 7c1e6a8d-e14f-47f9-a221-567e7428d215  |t 0 
952 f f |a Texas A&M University  |b College Station  |c Electronic Resources  |d Available Online  |t 0  |e PL2919.M39   |h Library of Congress classification 
998 f f |a PL2919.M39   |t 0  |l Available Online